Shri Upasani Prasad (Record no. 1371589)

MARC details
000 -LEADER
fixed length control field 00570nam a2200253Ia 4500
008 - FIXED-LENGTH DATA ELEMENTS--GENERAL INFORMATION
fixed length control field 160321s9999||||xx |||||||||||||| ||und||
040 ## - CATALOGING SOURCE
Transcribing agency Marathi
082 ## - DEWEY DECIMAL CLASSIFICATION NUMBER
Classification number XI.C/Upasani
082 ## - DEWEY DECIMAL CLASSIFICATION NUMBER
Item number BORI-88176
245 ## - TITLE STATEMENT
Title Shri Upasani Prasad
260 ## - PUBLICATION, DISTRIBUTION, ETC. (IMPRINT)
Place of publication, distribution, etc Pune
300 ## - PHYSICAL DESCRIPTION
Extent 225/54
300 ## - PHYSICAL DESCRIPTION
Other physical details Sixth
300 ## - PHYSICAL DESCRIPTION
Dimensions F
300 ## - PHYSICAL DESCRIPTION
Accompanying material Paperback
530 ## - ADDITIONAL PHYSICAL FORM AVAILABLE NOTE
Availability source S. S. Desai
530 ## - ADDITIONAL PHYSICAL FORM AVAILABLE NOTE
Uniform Resource Identifier <a href="00087881.pdf">00087881.pdf</a>
563 ## - BINDING INFORMATION
Binding note Study
630 ## - SUBJECT ADDED ENTRY--UNIFORM TITLE
Uniform title Shri Upasani Prasad
650 ## - SUBJECT ADDED ENTRY--TOPICAL TERM
Topical term or geographic name as entry element General Indology
650 ## - SUBJECT ADDED ENTRY--TOPICAL TERM
Topical term or geographic name as entry element Philosophy
730 ## - ADDED ENTRY--UNIFORM TITLE
Uniform title Shri Upasani Prasad
942 ## - ADDED ENTRY ELEMENTS (KOHA)
Koha item type Book
Holdings
Withdrawn status Lost status Damaged status Not for loan Home library Current library Date acquired Cost, normal purchase price Total Checkouts Full call number Barcode Date last seen Cost, replacement price Price effective from Koha item type
        Bhandarkar Oriental Research Institute, Pune Bhandarkar Oriental Research Institute, Pune 11/03/2003 0.00   BORI-88176 BORI-88176 03/21/2016 0.00 03/21/2016 Book